|
|
|
|
| LEADER |
01490nam a22003017i 4500 |
| 001 |
001952295 |
| 003 |
CZ BrMZK |
| 005 |
20251030132923.0 |
| 007 |
ta |
| 008 |
251030s1938 fi a frm 000 0 ger d |
| 020 |
|
|
|q (Brožováno)
|
| 040 |
|
|
|a BOA001
|b cze
|e rda
|
| 100 |
1 |
|
|a Heinänen, Pekka
|4 dis
|
| 245 |
1 |
0 |
|a Über die Oxydation der Sorbinsäure und insbesondere ihres Methylesters mit molekularem und peroxydischem Sauerstoff :
|b akademische Abhandlung : wird mit Genehmigung der Mathematisch-Naturwissenschaftlichen Sektion der Philosophischen Fakultät der Universität Helsinki am 27. April 1938 um 12 Uhr im kleinen Festsaal zur öffentlichen Verteidigung vorgelegt /
|c von Pekka Heinänen
|
| 264 |
|
1 |
|a Helsinki :
|b [Suomalaisen tiedeakatemia],
|c 1938
|
| 264 |
|
3 |
|b Buchdruckerei A.G. Sana
|
| 300 |
|
|
|a 112 stran :
|b ilustrace ;
|c 25 cm
|
| 336 |
|
|
|a text
|b txt
|2 rdacontent
|
| 337 |
|
|
|a bez média
|b n
|2 rdamedia
|
| 338 |
|
|
|a svazek
|b nc
|2 rdacarrier
|
| 500 |
|
|
|a Původně předloženo jako autorova disertace (doktorská)--Helsingin yliopisto, Humanistinen tiedekunta, 1938
|
| 504 |
|
|
|a Obsahuje bibliografické odkazy
|
| 787 |
1 |
8 |
|i Separát z:
|t Annales Academiae scientiarum Fennicae. Seria A
|g Tom XLIX (1938), No. 4
|x 0365-673X
|
| 710 |
2 |
|
|a Helsingin yliopisto.
|b Humanistinen tiedekunta
|7 kn20120619005
|4 isb
|
| 910 |
|
|
|a BOA001
|b 2-0150.147
|
| 990 |
|
|
|a BK
|
| 991 |
|
|
|b 202510
|
| 996 |
6 |
|
|b BC-2607295
|c 2-0150.147
|l MZK
|r Sklad / do 24 hodin
|n 0
|w 002023369
|u 000010
|a 1
|e BOA001
|j MZK50
|s P
|